000 00715nam a22002417a 4500
001 72652
003 UA-OsUOA
005 20220517223144.0
007 ta
008 20110125b un ||||| |||| 00| 0 ukr d
020 _a5-89577-086-Х
040 _aUA-OsUOA
_brus
_cUA-OsUOA
_dUA-OsUOA
041 _arus
080 _a82.09(470+571)
090 _a82.09(470+571)
_bТ58
100 _aТопоров В. Н.
245 _a"Бедная Лиза" Карамзина
_bопыт прочтения
260 _aМ.
_bРусскій міръ
_c2006
300 _a432 с.
650 7 _a82.09 Літературна критика. Літературні дослідження
_2UDC
942 _cBK
_2udc
955 _a4
999 _c358938
_d358938